00995nam a22002657b 4500003000500000005001700005008004100022020003000063040002400093041001400117082001500131100003700146245008000183260005300263300002300316490003000339655003000369655002400399655003600423655003000459700004200489942005800531999001900589952012100608322820260223151532.0260223b sa |||||d|||| 00| 1 AFR d a9781415012765 (paperback) aMPLbengc3228erda aAfrikaans 0aLP AF AARS 942074a Aarsen, Carolyneeauthor aTuiskoms vir die Kersgety /cCarolyne Aarsen ; vertaal deur Jean Geldenhuys aParklands :bJacklin Uitgewers ,c©2007,c2009. a252 pages :c21 cm aMills & Boon: Inspirerend 09189056aAfrikaans Fiction 09198295aLarge Print 09188670aHuman Relations Fiction 09188069aReligious Fiction 9124099aGeldenhuys, Jean etranslator 2ddccBKw296xPhillipina Naudey296zPhillipina Naude c793022d793021 00102ddc40708FaKLIPLbKLIPLcFICd2026-02-23l0oLP AF AARSp33228021464456r2026-02-23w2026-02-23yBKz159975